[Event "EU-ch Online U12 Girls"]
[Site "Tornelo INT"]
[Date "2020.09.19"]
[Round "5"]
[White "Iudina, Veronika"]
[Black "Trunz, Michelle"]
[Result "0-1"]
[WhiteElo "1507"]
[BlackElo "1662"]
[PlyCount "160"]
[EventDate "2020.09.18"]
[EventType "swiss (rapid)"]
[EventRounds "9"]
[EventCountry "NET"]
[SourceTitle "EXT 2023"]
[Source "ChessBase"]
[SourceDate "2022.10.05"]
[SourceVersion "1"]
[SourceVersionDate "2022.10.05"]
[SourceQuality "1"]
[WhiteTeam "Russia"]
[BlackTeam "Germany"]
[WhiteTeamCountry "RUS"]
[BlackTeamCountry "GER"]

1. e4 c5 2. c3 d6 3. d4 cxd4 4. cxd4 Nf6 5. Nc3 Nc6 6. Nf3 e6 7. Bd3 a6 8. 0-0 Be7 9. Bf4 0-0 10. Qe2 b5 11. e5 dxe5 12. dxe5 Nd5 13. Nxd5 exd5 14. Bxh7+ Kxh7 15. Qc2+ g6 16. Qxc6 Be6 17. Qc2 Rc8 18. Qd2 Rh8 19. Ng5+ Kg7 20. Nf3 Rh5 21. Rac1 Rc4 22. b3 Bb4 23. Qe3 Re4 24. Bg5 Rxe3 25. Bxd8 Rd3 26. Bf6+ Kh6 27. Rc6 Bg4 28. Ng5 Rxg5 29. Bxg5+ Kxg5 30. h3 Be2 31. f4+ Kh6 32. Rf2 Rd1+ 33. Kh2 Bd3 34. Rxa6 Be1 35. Rb2 Bc3 36. Rf2 Bd4 37. Rf3 Be4 38. Rg3 Bg1+ 39. Kh1 Be3+ 40. Kh2 Bxf4 41. Rf6 Bxg3+ 42. Kxg3 Kg7 43. Rf2 Bf5 44. Re2 d4 45. Kf2 d3 46. Rb2 Rc1 47. Ke3 Kf8 48. g4 Rc2 49. Rb1 Re2+ 50. Kf4 Be6 51. Rd1 d2 52. Kf3 Rh2 53. Kg3 Re2 54. Kf3 Rxe5 55. Rxd2 Rd5 56. Rc2 Ke7 57. Ke3 Re5+ 58. Kf4 Re1 59. Kg3 Re3+ 60. Kh2 Kd6 61. Kg2 Bd5+ 62. Kh2 Be4 63. Rf2 Rf3 64. Rd2+ Kc5 65. Re2 Kd4 66. Rd2+ Kc3 67. Re2 Kd3 68. Rb2 Re3 69. h4 Re2+ 70. Rxe2 Kxe2 71. Kg3 Bb1 72. a4 b4 73. a5 Bc2 74. a6 Bxb3 75. a7 Bd5 76. Kf4 b3 77. Ke5 Ba8 78. h5 gxh5 79. gxh5 b2 80. h6 b1Q 0-1